|
|
|
|
| LEADER |
00000naa a2200000uu 4500 |
| 001 |
vtls010921997 |
| 003 |
SK-MaSNL |
| 005 |
20260302131405.0 |
| 008 |
220808|1990 xo |||||||||||||||||slo| |
| 015 |
|
|
|a SNBRA
|
| 035 |
|
|
|a (urnnbn)urn:nbn:sk:snk:ar-a0d0n0
|
| 035 |
|
|
|a (uuid)34c71b52-a087-4ba0-b93f-8174a6ca1be0
|
| 035 |
|
|
|a urn:nbn:sk:snk-aatpch
|
| 040 |
|
|
|a SNKBUCL
|b slo
|c SNKBUCL
|e AACR2
|
| 041 |
0 |
|
|a slo
|
| 044 |
|
|
|a xo
|c SK
|
| 245 |
0 |
0 |
|a MURGAŠ, Karol
|b publicista, novinár (12. 9. 1899 Budapešť - 27. 7. 1972 Skokie, Ill. USA)
|
| 655 |
|
7 |
|a biografické heslá
|2 SNKPH
|9 368942
|
| 773 |
0 |
|
|t Slovenský biografický slovník : (od roku 833 do roku 1990). IV. zväzok, M-Q
|d Martin : Matica slovenská, 1990
|g S. 248
|z 8070900709 viaz
|
| 954 |
|
|
|a odborná, vedecká literatúra pôvodná (slovenská)
|2 lita
|
| 958 |
|
|
|a BX
|
| 958 |
|
|
|a OND
|
| 958 |
|
|
|a chapter
|
| 958 |
|
|
|a article25
|
| 999 |
|
|
|c 1306721
|d 1308651
|